000 00544nam a22001937a 4500
005 20251108164229.0
008 250721s1985 xx 000 0 ara d
082 1 4 _a618.92/علي
100 1 _aالحسن، علي
245 1 0 _aأطفالنا :
_bأمراضهم و علاجهم /
250 _aط2.
264 1 _aبيروت :
_bدار العلم للملايين،
_c1985.
300 _a360ص :مص
650 1 7 _aطب الأطفال
650 1 7 _aرعاية الطفولة
650 1 7 _aالصحة
942 _2ddc
_cBK
999 _c6952
_d6952